| 000 | 00886nam a22003017a 4500 | ||
|---|---|---|---|
| 001 | BR6002206 | ||
| 003 | BR-BrBNA | ||
| 005 | 20230928083119.0 | ||
| 007 | ta | ||
| 008 | 230509b bl.||||| |||| 00| 0 por d | ||
| 040 |
_aBR-BrBNA _bpor _cBiblioteca Nacional de Agricultura |
||
| 041 | _a(Por) | ||
| 072 | _aE10; F00 | ||
| 090 | _ E10 BR6002206 | ||
| 100 | 1 | _aCarvalho, J.H. de | |
| 110 | 1 |
_aAssociacao Nordestina de Credito e Assistencia Rural, Teresina, PI (Brasil) _9715 |
|
| 245 | 1 | _aDados tecnicos para planejamento rural [Propriedade rural; Mecanizacao; Irrigacao; Mao-de-obra] | |
| 260 | 3 |
_aTeresina, PI (Brasil): _c1969. |
|
| 300 | _a40 p. | ||
| 500 | _a29 ref. | ||
| 650 | _aPlanejamento rural | ||
| 650 | _aPropriedade rural | ||
| 650 | _aMecanizacao | ||
| 650 | _aIrrigacao | ||
| 650 | _aMao-de-obra | ||
| 909 |
_a202309 _bLucia _c55 _dLucia Elande |
||
| 942 | _cBK | ||
| 999 |
_c11639 _d11639 |
||